[Event "Vilnius Summer op-B"]
[Site "Vilnius"]
[Date "2024.08.03"]
[Round "5"]
[White "Racinskas, Azuolas"]
[Black "Navickas, Tadas"]
[Result "1-0"]
[WhiteElo "1560"]
[BlackElo "1735"]
[PlyCount "103"]
[EventDate "2024.08.01"]
[EventType "swiss"]
[EventRounds "7"]
[EventCountry "LTU"]
[SourceTitle "EXT 2025"]
[Source "ChessBase"]
[SourceDate "2024.10.14"]
[SourceVersion "1"]
[SourceVersionDate "2024.10.14"]
[SourceQuality "1"]

1. e4 c6 2. Nc3 d5 3. Qf3 dxe4 4. Nxe4 Nf6 5. Bc4 e6 6. Ne2 Nbd7 7. d4 Nxe4 8. Qxe4 Nf6 9. Qh4 b6 10. 0-0 Bb7 11. c3 c5 12. Bb5+ Nd7 13. Qg3 Rc8 14. Rd1 a6 15. Bg5 f6 16. Bxd7+ Qxd7 17. dxc5 Qc7 18. Qxc7 Rxc7 19. cxb6 Rc6 20. Be3 e5 21. Rd2 Bc5 22. Rad1 0-0 23. Bxc5 Rxc5 24. b4 Rc4 25. Rd7 Bc6 26. Rc7 Bb5 27. a4 Rxc7 28. bxc7 Bxe2 29. Rd8 Bg4 30. b5 axb5 31. axb5 Bc8 32. Rxc8 Rxc8 33. b6 Kf7 34. b7 Rxc7 35. b8Q Rxc3 36. Qb2 Rc7 37. f3 Rd7 38. Qc2 h6 39. h4 Rd4 40. g4 Rf4 41. Kg2 Rd4 42. Kg3 Rf4 43. Qc6 Kg6 44. Qe8+ Kh7 45. g5 fxg5 46. hxg5 hxg5 47. Qh5+ Kg8 48. Qxg5 Rf6 49. Qxe5 Kf7 50. f4 Kg6 51. Kg4 Kh6 52. Qh5# 1-0

[Event "Vilnius Summer op-B"]
[Site "Vilnius"]
[Date "2024.08.02"]
[Round "4"]
[White "Navickas, Tadas"]
[Black "Sergeeva, Eva"]
[Result "1/2-1/2"]
[WhiteElo "1735"]
[BlackElo "1525"]
[PlyCount "109"]
[EventDate "2024.08.01"]
[EventType "swiss"]
[EventRounds "7"]
[EventCountry "LTU"]
[SourceTitle "EXT 2025"]
[Source "ChessBase"]
[SourceDate "2024.10.14"]
[SourceVersion "1"]
[SourceVersionDate "2024.10.14"]
[SourceQuality "1"]

1. d4 Nf6 2. c4 e6 3. Nf3 d5 4. Nc3 Bb4 5. Bg5 h6 6. Bxf6 Qxf6 7. e3 0-0 8. cxd5 exd5 9. Qb3 Bxc3+ 10. bxc3 c6 11. Ne5 Qe7 12. c4 Be6 13. Rb1 b6 14. Qa4 dxc4 15. Be2 b5 16. Qa5 Qd6 17. a4 a6 18. Qb6 Bd5 19. axb5 axb5 20. 0-0 Nd7 21. Nxd7 Qxd7 22. f3 Rfe8 23. e4 Be6 24. Rfd1 Rad8 25. g4 f5 26. gxf5 Bxf5 27. d5 Rc8 28. dxc6 Qxc6 29. Qxc6 Rxc6 30. Rxb5 Be6 31. Rc1 Rec8 32. Kf2 Rd6 33. Ke3 c3 34. Bd3 Rxd3+ 35. Kxd3 Bc4+ 36. Kd4 Bxb5 37. Rxc3 Rxc3 38. Kxc3 Kf7 39. Kd4 Ke6 40. f4 g6 41. Ke3 Bd7 42. Kf3 Kf6 43. h4 h5 44. Ke3 Bc6 45. Kd4 Ke6 46. Ke3 Bd7 47. Kd3 Kd6 48. Kd4 Be6 49. Kd3 Kc6 50. Kd4 Kd6 51. Kd3 Bd7 52. Kd4 Ke6 53. Ke3 Kf6 54. Kd4 Bf5 55. Kd5 1/2-1/2